Diccionario etimológico latino-español / (Record no. 140419)
[ view plain ]
| 000 -LEADER | |
|---|---|
| campo de control de longitud fija | 00730nam a2200217 i 4500 |
| 001 - NÚMERO DE CONTROL | |
| campo de control | 140419 |
| 003 - IDENTIFICADOR DE NÚMERO DE CONTROL | |
| campo de control | ES-MaACL |
| 005 - FECHA Y HORA DE LA ÚLTIMA TRANSACCIÓN | |
| campo de control | 20230906200056.0 |
| 007 - CAMPO FIJO DE DESCRIPCIÓN FÍSICA--INFORMACIÓN GENERAL | |
| campo de control de longitud fija | t| |
| 008 - DATOS DE LONGITUD FIJA--INFORMACIÓN GENERAL | |
| campo de control de longitud fija | 070214s1985 sp d |||| | spa d |
| 080 ## - NÚMERO DE LA CLASIFICACIÓN DECIMAL UNIVERSAL | |
| Número de la Clasificación Decimal Universal | (038)=124=134.2 |
| 100 1# - ENTRADA PRINCIPAL--NOMBRE DE PERSONA | |
| Nombre de persona | Segura Munguía, Santiago. |
| 9 (RLIN) | 105222 |
| 245 10 - MENCIÓN DEL TÍTULO | |
| Título | Diccionario etimológico latino-español / |
| Mención de responsabilidad, etc. | Santiago Segura Munguía. |
| 250 ## - MENCION DE EDICION | |
| Mención de edición | 1ª ed. |
| 260 ## - PUBLICACIÓN, DISTRIBUCIÓN, ETC. | |
| Lugar de publicación, distribución, etc. | Madrid : |
| Nombre del editor, distribuidor, etc. | Anaya, |
| Fecha de publicación, distribución, etc. | 1985. |
| 300 ## - DESCRIPCIÓN FÍSICA | |
| Extensión | XII, 1122 p. ; |
| Dimensiones | 25 cm + |
| Material acompañante/anejo | map. |
| 500 ## - NOTA GENERAL | |
| Nota general | Índices etimológicos: palabras de origen latino en otras lenguas, palabras españolas no latinas. |
| 501 ## - NOTA DE CON | |
| Nota de "Con" | Con: Apéndice gramatical. |
| 650 04 - PUNTO DE ACCESO ADICIONAL DE MATERIA--TÉRMINO DE MATERIA | |
| Término de materia o nombre geográfico como elemento de entrada | Lengua latina- |
| Subdivisión de forma | Diccionarios- |
| Subdivisión general | Español. |
| 9 (RLIN) | 14295 |
| 852 ## - LOCALIZACIÓN | |
| Ubicación | BA |
| Número de control de estantería | L-9792 |
| Estatus retirado | Estado de pérdida | Estado de daño | No para préstamo | Colección | Biblioteca de origen | Biblioteca actual | Ubicación en estantería | Fecha de adquisición | Fuente de adquisición | Total de préstamos | Signatura topográfica completa | Código de barras | Visto por última vez | Precio de reemplazo | Tipo de ítem Koha |
|---|---|---|---|---|---|---|---|---|---|---|---|---|---|---|---|
| Colección de referencia | Biblioteca del Ateneo de Madrid | Biblioteca del Ateneo de Madrid | Depósito 2 | 17/01/2008 | L-9792 | 1146126 | 23/02/2023 | 23/02/2023 | Libro impreso |
